000 00424nam a2200181Ia 4500
008 221030s9999 xx 000 0 und d
020 _a8126508334
041 _aEnglish
082 _a105.23
100 _aT. Pratt
245 0 _aSatellite Communications
_cby T. Pratt, C. Bostian
250 _a2nd
260 _bWiley India
_aNew Delhi
_c2012
300 _a536
650 _aECE
700 _aC. Bostian
942 _cBK
999 _c10116
_d10116